000 00402nam a2200169Ia 4500
008 230524s9999 xx 000 0 und d
020 _a0074637282
082 _a621.3821
_bMAL
100 _aAlbert Paul Malvino
245 0 _aElectronic Principles
250 _a6TH
260 _aNEW DELHI
_bTMH
_c2004
300 _aXI;1012
500 _aQuantity Number: 27
650 _aElectronics
942 _cBK
999 _c9949
_d9949